000 00573nam a2200145 4500
999 _c10669
_d10669
008 180913b ||||| |||| 00| 0 eng d
022 _a16565649
082 _aDPer 303.405 H22 June -Sept 2016 v.12 n. 7-10
100 _931144
_aHongzuo, Liu.
245 _aCanon dreams of the future:
_bat the canon expo in Shanghai, the company displayed a host of their future technologies.
_cLiu Hongzuo.
260 _aQuezon City:
_bHardware Zone Phils. Corp.,
_c©June -Sept 2016.
300 _av12 n9, page 14:
_billustrations;
_c28 cm.
650 0 _931145
_aCameras.
942 _2ddc
_cPER